[Event "2. Bundesliga West 2006/2007"]
[Site "Lustenau"]
[Date "2007.03.04"]
[Round "11.6"]
[White "Dobosz, Henryk"]
[Black "Bezold, Michael"]
[Result "1-0"]
[WhiteElo "2406"]
[BlackElo "2508"]
[PlyCount "173"]
[EventDate "2006.10.21"]
[SourceDate "2006.10.21"]

1. d4 Nf6 2. Nf3 e6 3. e3 c5 4. c4 g6 5. Nc3 Bg7 6. Be2 O-O 7. O-O b6 8. b3 Bb7
9. Bb2 d6 10. Qc2 a6 11. Rfd1 Qe7 12. Rd2 Nbd7 13. Rad1 Ne8 14. dxc5 bxc5 15.
Ne4 Bxe4 16. Qxe4 Rb8 17. Bxg7 Kxg7 18. Qc2 f5 19. Qc3+ Qf6 20. Qxf6+ Kxf6 21.
Rb2 Ke7 22. Nd2 Nef6 23. Nb1 g5 24. Nc3 Ne4 25. Nxe4 fxe4 26. f3 Ne5 27. Rf1 a5
28. fxe4 Rxf1+ 29. Kxf1 a4 30. Ke1 Nc6 31. Bd1 Nb4 32. Rd2 a3 33. h3 Rd8 34.
Bf3 Kf6 35. Kf2 Nc6 36. Rd1 Ne5 37. Bh5 Ke7 38. Be2 Rh8 39. g4 Rf8+ 40. Kg2 h6
41. Rd2 Rd8 42. Kf2 Nc6 43. Bf3 Kf6 44. Ke2 Ke5 45. Rd1 Rf8 46. Bg2 Ne7 47. Rb1
Rb8 48. Rf1 Nc6 49. Rd1 Rd8 50. Bf3 Ne7 51. Rb1 Rb8 52. Bg2 Rb6 53. Rd1 Nc6 54.
Rd2 Nb4 55. Bf3 Kf6 56. Kf2 Ke7 57. Ke2 Kd7 58. Kf2 Kc7 59. Bd1 Rb8 60. Bf3 Rf8
61. Kg2 Rf7 62. Be2 Rd7 63. Bf3 Kb6 64. Kf2 Nc6 65. Be2 Ka5 66. Bf3 Kb4 67. Rc2
Ne5 68. Be2 Rf7+ 69. Kg2 Nc6 70. Bd1 Ka5 71. Rd2 Nb4 72. Be2 Rd7 73. Bf3 Rd8
74. Kg1 Nxa2 75. Rxa2 Kb4 76. Bd1 d5 77. cxd5 exd5 78. Rc2 Ra8 79. Ra2 dxe4 80.
Kf2 Rd8 81. Ke2 Rxd1 82. Kxd1 Kxb3 83. Rc2 a2 84. Rc1 Kb2 85. Ra1 Kxa1 86. Kc2
c4 87. Kc1 1-0

[Event "2. Bundesliga West 2006/2007"]
[Site "Lustenau"]
[Date "2007.03.04"]
[Round "11.6"]
[White "Gattenloehner, Sebastian"]
[Black "Gaertner, Guntram"]
[Result "1/2-1/2"]
[WhiteElo "2210"]
[BlackElo "2312"]
[PlyCount "22"]
[EventDate "2006.10.21"]
[SourceDate "2006.10.21"]

1. e4 c6 2. d4 d5 3. exd5 cxd5 4. c4 Nf6 5. Nc3 e6 6. Nf3 Bb4 7. cxd5 exd5 8.
Bd3 O-O 9. O-O Bg4 10. Bg5 Bxc3 11. bxc3 Nbd7 1/2-1/2

[Event "2. Bundesliga West 2006/2007"]
[Site "Lustenau"]
[Date "2007.03.04"]
[Round "11.6"]
[White "Grabher, Heinz"]
[Black "Scheffknecht, Philipp"]
[Result "1-0"]
[WhiteElo "2261"]
[BlackElo "2179"]
[PlyCount "39"]
[EventDate "2006.10.21"]
[SourceDate "2006.10.21"]

1. e4 c5 2. Nf3 e6 3. d4 cxd4 4. Nxd4 a6 5. Nc3 Qc7 6. g3 b6 7. Bg2 Bb7 8. O-O
d6 9. Re1 Nd7 10. Nd5 exd5 11. exd5+ Be7 12. Nf5 Kf8 13. Bf4 g5 14. Rxe7 gxf4
15. Qg4 Nxe7 16. Qg7+ Ke8 17. Qxh8+ Nf8 18. Re1 fxg3 19. hxg3 Rd8 20. Bh3 1-0

[Event "2. Bundesliga West 2006/2007"]
[Site "Lustenau"]
[Date "2007.03.04"]
[Round "11.6"]
[White "Kranz, Armin"]
[Black "Burschowsky, Matthias"]
[Result "1/2-1/2"]
[WhiteElo "2123"]
[BlackElo "2132"]
[PlyCount "20"]
[EventDate "2006.10.21"]
[SourceDate "2006.10.21"]

1. d4 Nf6 2. Nf3 g6 3. c4 c5 4. d5 b5 5. cxb5 a6 6. b6 Qxb6 7. Nc3 Bg7 8. e4 d6
9. Be2 O-O 10. O-O Bg4 1/2-1/2

[Event "2. Bundesliga West 2006/2007"]
[Site "Lustenau"]
[Date "2007.03.04"]
[Round "11.6"]
[White "Baldauf, Marco"]
[Black "Wallis, Anton"]
[Result "1-0"]
[WhiteElo "2142"]
[BlackElo "2136"]
[PlyCount "101"]
[EventDate "2006.10.21"]
[SourceDate "2006.10.21"]

1. e4 c5 2. Nf3 d6 3. d4 cxd4 4. Nxd4 Nf6 5. Nc3 e6 6. g4 h6 7. h3 Nc6 8. Be3
Be7 9. Bg2 Nxd4 10. Qxd4 e5 11. Qd3 a6 12. a4 Be6 13. O-O Qc7 14. Nd5 Bxd5 15.
exd5 Rc8 16. Qb3 Nd7 17. a5 O-O 18. c3 Bg5 19. f4 Bxf4 20. Bxf4 exf4 21. Rxf4
Ne5 22. Rb4 Rb8 23. Kh1 Rfe8 24. Re1 Re7 25. Rb6 Rbe8 26. Re4 Nd3 27. Rxb7 Qxb7
28. Qxb7 Nf2+ 29. Kh2 Nxe4 30. Qxa6 Nd2 31. Qxd6 Re2 32. a6 R8e3 33. Qf4 Nf3+
34. Qxf3 Rxf3 35. a7 Re8 36. Bxf3 Ra8 37. c4 Rxa7 38. c5 Kf8 39. Kg3 Ke8 40. d6
Ra2 41. b4 Kd7 42. Kf4 Ke6 43. Bb7 Rc2 44. Bc8+ Kf6 45. Ke4 Rc4+ 46. Kd5 Rxb4
47. c6 Rb5+ 48. Kc4 Rb8 49. Bd7 Ke5 50. c7 Ra8 51. Kc5 1-0